000 00631nam a2200241Ia 4500
008 160216s9999 xx 000 0 und d
020 _a1-59200-391-5
050 _aComSc T 385
050 _b.D36 2004
100 _aDanaher, Simon
245 _aDigital 3D design /
245 _cSimon Danaher.
260 _aBoston, Massachusetts :
260 _bThomson Course Technology.
260 _c2004
300 _a192 pages :
300 _bcol. ill. ;
300 _c26 cm.
500 _aIncludes index.
650 _aComputer animation.
650 _aComputer graphics.
650 _aThree-dimensional display systems.
999 _c290826
_d290826